000 00535nam a2200217Ia 4500
003 OSt
005 20220918191937.0
006 a|||||r|||| 00| 0
007 ta
008 220917b |||||||| |||| 00| 0 eng d
024 _a66,064
037 _cTextual
040 _aARTS
_cARTS
_beng
041 _2eng
_aeng
082 _aR2, M4
100 _aWollheim Richard
_977799
245 0 _aThreas of life
260 _aCambridge
_bCUP
_c1984
942 _hR2, M4
_cTEXL
_2CC
999 _c192298
_d192298